| 000 | 00944nam a2200277Ia 4500 | ||
|---|---|---|---|
| 003 | GCL | ||
| 008 | 140319s9999 xx 000 0 ara d | ||
| 020 | _a5225172977 | ||
| 040 |
_aGCL / _cGCL |
||
| 082 | 0 | 4 |
_a340.52 _bم ش |
| 100 | 1 | _aمحمود ابو زيد | |
| 245 | 1 | 0 |
_aالشرعيه القانونيه واشكاليه التناقض بين السلطه والحرية : _bدراسة تاصلية لنظرية العقد الاجتماعى / _cمحمود ابو زيد |
| 260 |
_aالقاهرة : _bمكتبة غريب |
||
| 300 |
_a197 ص ؛ _c24 سم |
||
| 490 | _a | ||
| 650 | 0 | 4 | _aالقانون |
| 650 | 0 | 4 | _aالتشريع |
| 650 | 0 | 4 | _aالحقوق المدنية |
| 650 | 0 | 4 | _aالحرية |
| 650 | 0 | 4 | _aالتشريح |
| 650 | 0 | 4 | _aالسلطة |
| 650 | 0 | 4 | _aالقانون الطبيعى |
| 650 | 0 | 4 | _aالقانون - فلسفة |
| 650 | 0 | 4 | _aنظرية العقد (فقة اسلامى) |
| 942 |
_2ddc _cBK |
||
| 999 |
_c39039 _d39039 |
||